A marketingkommunikációs tevékenység elemzése

Bibliographic Details
Main Author: Hatvani Brigitta
Other Authors: Papp Judit
Format: Project work
Kulcsszavak:Marketing
Kereskedelem
Marketingkommunikació
Online Access:http://dolgozattar.uni-bge.hu/16876

MARC

LEADER 00000nnm a2200000 i 4500
001 dolg16876
005 20180927162547.0
008 180515suuuu hu o 000 hun d
040 |a BGE Dolgozattár Repozitórium  |b hun 
041 |a hu 
100 1 |a Hatvani Brigitta 
245 1 2 |a A marketingkommunikációs tevékenység elemzése  |c Hatvani Brigitta  |h [elektronikus dokumentum] 
246 1 1 |a A marketingkommunikációs tevékenység elemzése 
516 |a Project_work 
695 |a  Marketing 
695 |a  Kereskedelem  
695 |a Marketingkommunikació 
700 1 |a Papp Judit  |e ths 
856 4 0 |u http://dolgozattar.uni-bge.hu/16876/1/Projektmunka_HB_ALVNW%20pdf.pdf  |z Dokumentum-elérés